[Event "ICS rated blitz match"]
[Site "204.178.125.65"]
[Date "1999.09.25"]
[Round "?"]
[White "vitsi"]
[Black "Hossa"]
[Result "0-1"]
[WhiteElo "2218"]
[BlackElo "2502"]
[PlyCount "68"]
[EventDate "1999.??.??"]

1. e4 Nf6 2. Nc3 e5 3. Nf3 Bb4 4. d3 Nc6 5. Bg5 O-O 6. Be2 d6 7. h3 Nd4 8. O-O
Bxc3 9. bxc3 Nxe2+ 10. Qxe2 Re8 11. Rab1 Rb8 12. g4 c5 13. c4 Be6 14. Qe3 Bd7
15. Nh4 Nxg4 16. hxg4 f6 17. f3 fxg5 18. Nf5 Qf6 19. Kg2 Ba4 20. c3 Bd7 21. Rh1
Rf8 22. Rh5 h6 23. Rbh1 Bxf5 24. gxf5 b5 25. cxb5 Rxb5 26. Rc1 Qf7 27. Rh2
Qxa2+ 28. Kg3 Qa3 29. Rcc2 Rb7 30. Qd2 Qa1 31. d4 cxd4 32. cxd4 Qg1+ 33. Rg2
Qh1 34. dxe5 34... Qh4# {vitsi checkmated} 0-1

[Event "ICS rated blitz match"]
[Site "204.178.125.65"]
[Date "1999.09.25"]
[Round "?"]
[White "vitsi"]
[Black "Hossa"]
[Result "1-0"]
[WhiteElo "2254"]
[BlackElo "2469"]
[PlyCount "85"]
[EventDate "1999.??.??"]

1. e4 c5 2. Nf3 e6 3. d4 cxd4 4. Nxd4 a6 5. Nc3 Qc7 6. Be3 Ba3 7. Qc1 Qxc3+ 8.
bxc3 Bxc1 9. Rxc1 Nf6 10. e5 Nd5 11. Bd2 f6 12. f4 fxe5 13. fxe5 O-O 14. c4 Nf4
15. Bd3 Nxg2+ 16. Ke2 Nf4+ 17. Ke3 g5 18. Be4 Nc6 19. Nxc6 bxc6 20. Rhg1 h6 21.
h4 Nh3 22. Rg3 Nf2 23. hxg5 h5 24. Bf3 h4 25. Rg2 Nh3 26. Rb1 Ra7 27. Rh1 Nf4
28. Rg4 Ng6 29. Be4 Nxe5 30. Rgxh4 Nxc4+ 31. Kd3 Ne5+ 32. Ke2 Kf7 33. Bc3 Rg8
34. Bxe5 a5 35. Rh7+ Ke8 36. Rh8 Ba6+ 37. Ke3 Rxh8 38. Rxh8+ Ke7 39. g6 Bb7 40.
g7 d6 41. g8=Q dxe5 42. Qd8+ Kf7 43. Qf8# {Hossa checkmated} 1-0

[Event "ICS rated blitz match"]
[Site "204.178.125.65"]
[Date "1999.09.25"]
[Round "?"]
[White "vitsi"]
[Black "Hossa"]
[Result "0-1"]
[WhiteElo "2230"]
[BlackElo "2490"]
[PlyCount "30"]
[EventDate "1999.??.??"]

1. e4 Nf6 2. e5 Nd5 3. d4 d6 4. c4 Nb6 5. f4 dxe5 6. fxe5 Nc6 7. Be3 f6 8. exf6
exf6 9. Nf3 Bb4+ 10. Nc3 Na5 11. c5 Nbc4 12. Bxc4 Nxc4 13. Bf2 Qe7+ 14. Qe2
Nxb2 15. Qxe7+ 15... Kxe7 {vitsi resigns} 0-1

[Event "ICS rated blitz match"]
[Site "204.178.125.65"]
[Date "1999.09.19"]
[Round "?"]
[White "vitsi"]
[Black "Hossa"]
[Result "1-0"]
[WhiteElo "2203"]
[BlackElo "2493"]
[Annotator "Hiarcs 7.32 (22s)"]
[PlyCount "107"]
[EventDate "1999.??.??"]

1. e4 1... e5 {Opening = C21 - 2.d4 (ed4 3.---)} 2. d4 exd4 3. c3 dxc3 4. Bc4
cxb2 5. Bxb2 5... Qg5 $17 (5... d6 6. Qb3 (6. Nf3 Nc6 7. O-O Bg4 8. Nbd2 Qd7 9.
Rc1 Nf6 10. Qb3 Nd8 11. e5 Nh5 12. Rfe1 d5 13. Bxd5 Nf4 14. Bc4 Nfe6 15. Ne4
Be7 16. Red1 Qc8 17. Bb5+ c6 18. Ba3 Qc7 19. Bd6 Qa5 20. Be2 Nf4 21. Bc4 b5 22.
Bf1 a6 23. Qe3 Nfe6 24. h3 Bxf3 25. Qxf3 Ra7 26. Bxe7 Rxe7 27. Nd6+ Kf8 28. Nf5
Rb7 29. Qd3 Qc7 30. Be2 g6 31. Nd6 Rb8 32. Qf3 Qe7 33. Qg3 h5 34. Qa3 Ra8 35.
Bf3 Nf4 36. Bxc6 Rb8 37. Bf3 b4 38. Qxa6 Kg7 39. Qc4 Nde6 40. Qe4 40... Qg5 {
Hedke,F-Kobese,W/Badenweiler op 1990/GER 04/1-0 (63)}) 6... Qd7 (6... Qe7 7.
Nc3 Nf6 8. Nge2 Nc6 9. f4 Bd7 10. Nb5 Qd8 11. Bxf7+ Ke7 12. e5 dxe5 13. Ba3+ {
1-0 Ismajlova,P-Ertel,S/WchJW-U10 Duisburg 1992/TD 92\06 (13)}) 7. Nc3 Nc6 8.
Nd5 Na5 9. Qg3 f6 10. Be2 c6 11. Nf4 Nh6 12. Nh5 Qf7 13. Nh3 Be6 14. N3f4 Bc4
15. Nxf6+ Kd8 16. Qg5 Bxe2 17. Nxe2 Be7 18. Qxa5+ {
1-0 Firnhaber,I-Grigat,K/corr 1986/MAINB (18)}) (5... Nc6 6. f4 d6 7. Nc3 Nf6
8. h3 Be6 9. Bb5 Nxe4 10. Nxe4 Qh4+ 11. g3 Qe7 12. Ne2 d5 13. N4c3 Qc5 14. Qd4
O-O-O 15. Qxc5 Bxc5 16. Bxc6 bxc6 17. Na4 Bb4+ 18. Kf2 f6 19. a3 Ba5 20. Rac1 {
Mueller,M-Engel,M/Kassel op 1994/GER 08/1/2-1/2 (54)}) (5... Qe7 $5 6. Nd2 6...
Nf6 $17) 6. Nf3 {Weiss geht zum Angriff ueber} 6... Qg6 7. O-O 7... d6 {
Deckt e5} 8. Nc3 8... Nf6 $11 (8... c6 $5 $17 $142) 9. e5 9... Bh3 $4 $18 {
Schwarz hat Entwicklungsnachteil.} (9... Ng4 10. Nb5 Na6 11. exd6 11... c6 $16)
10. Nh4 Qg4 11. exf6 Qxc4 12. Ne4 $16 (12. Nd5 g6 13. Rc1 Qxh4 14. Nxc7+ Kd8
15. gxh3 $18) 12... g6 $18 (12... Be6 $5 $142 13. fxg7 Bxg7 14. Bxg7 14... Qxe4
$18) 13. gxh3 13... d5 $4 {ein Versehen in unangenehmer Stellung} (13... Nc6
$18 $142) 14. Rc1 Qxe4 (14... Qb5 {waere gleichermassen fruchtlos} 15. Nc3 Qxb2
16. Nxd5 $18) 15. Re1 15... Qxe1+ {Schwarz muss Material zurueckgeben} 16.
Qxe1+ Kd7 17. Qe5 (17. Nf3 $142 {und Weiss gewinnt} 17... Nc6 18. Qd1 Bd6 19.
Qxd5 19... Rae8 $18) 17... c6 18. Nf3 Bd6 19. Qd4 h5 (19... h6 20. Qg4+ Kc7 21.
Be5 $18) 20. Ne5+ Bxe5 21. Qxe5 Re8 22. Qg3 Na6 23. Ba3 Re6 24. Be7 Re8 (24...
Nc7 25. f4 Re4 26. f5 $18) 25. Qb3 (25. f4 25... Nc7 $18) 25... Kc8 (25... b5
26. f4 $18) 26. Rb1 (26. Qxd5 $1 26... Nc7 27. Qd4 27... Nb5 $18) 26... b6 27.
Qa4 {Weiss erhaelt Koenigsangriff} 27... Kb7 28. Rc1 Nc7 29. h4 $16 (29. f4 Nb5
30. Qb4 30... Re4 $14) 29... c5 $2 $18 (29... Nb5 $142 30. f3 30... Re2 $16)
30. Qd7 Rc8 31. a4 Re8 (31... Re4 $18 {ist noch eine duenne Chance}) 32. a5 a6
(32... d4 $18 {ist noch eine Idee}) 33. axb6 {Droht Matt} 33... Rxb6 34. Rxc5
Rc8 35. Bd8 {Es droht Matt} 35... Rb5 36. Rxc7+ Rxc7 37. Qxc7+ Ka8 38. Qc6+ (
38. Be7 g5 39. hxg5 Rb1+ 40. Kg2 Rb5 41. g6 h4 42. h3 Rb7 43. Qd8+ Rb8 44.
Qxd5+ Rb7 45. g7 Ka7 46. Bc5+ Rb6 47. Qd7+ Ka8 48. Bxb6 a5 49. g8=Q#) 38... Ka7
39. Qd7+ Rb7 40. Qxd5 a5 41. Be7 {Droht Matt: Bc5} 41... Rb1+ 42. Kg2 a4 43.
Qxf7 Rb7 44. Qxg6 {Der Freibauer f6 wird schnell zu einer gefaehrlichen Waffe}
44... Rb6 45. Qc2 Kb7 46. f7 {Es droht Matt} 46... Rc6 47. Qxc6+ Kxc6 48. f8=Q
Kd7 49. Qd8+ Ke6 (49... Kc6 {holt die Kuh nicht vom Eis} 50. Qd6+ $1 {
ein laestiges Schach} 50... Kb5 51. Qc5+ Ka6 52. Qc6+ Ka7 53. Qb5 a3 54. Bxa3
Ka8 55. Qa6+ Kb8 56. Bd6#) 50. Qd6+ $1 {ein boeses Schach} 50... Kf7 51. Bg5
Kg8 52. Qf6 (52. Qe6+ Kg7 53. Bf6+ Kg6 54. Be5+ Kh7 55. Qf7+ Kh6 56. Qg7#)
52... a3 53. Bh6 Kh7 (53... a2 {
kann das Vorangegangene nicht ungeschehen machen} 54. Qg7#) 54. Qg7# 1-0

[Event "ICS rated blitz match"]
[Site "204.178.125.65"]
[Date "1999.09.17"]
[Round "?"]
[White "vitsi"]
[Black "Hossa"]
[Result "1-0"]
[WhiteElo "2191"]
[BlackElo "2459"]
[PlyCount "63"]
[EventDate "1999.??.??"]

1. e4 c5 2. Nf3 Nc6 3. d4 cxd4 4. Nxd4 Nf6 5. Nc3 Nxd4 6. Qxd4 b6 7. Bc4 e6 8.
f3 Bc5 9. Qd3 O-O 10. Bg5 d6 11. O-O-O Bb7 12. g4 Rc8 13. Bb3 Qe7 14. h4 a5 15.
Kb1 Bb4 16. h5 Bxc3 17. bxc3 h6 18. Bh4 Rfd8 19. g5 hxg5 20. Bxg5 Rc5 21. Qd2
a4 22. Bxa4 Ra8 23. Bb3 Raa5 24. Be3 Rc6 25. h6 d5 26. hxg7 d4 27. Bxd4 Nh7 28.
Qh6 Qh4 29. Rxh4 Rh5 30. Rxh5 f5 31. Qxh7+ Kf7 32. g8=Q# {Hossa checkmated} 1-0

[Event "ICS rated blitz match"]
[Site "204.178.125.65"]
[Date "1999.09.17"]
[Round "?"]
[White "vitsi"]
[Black "Hossa"]
[Result "1-0"]
[WhiteElo "2210"]
[BlackElo "2440"]
[PlyCount "66"]
[EventDate "1999.??.??"]

1. e4 c5 2. Nf3 Nc6 3. d4 cxd4 4. Nxd4 Nf6 5. Nc3 Nxd4 6. Qxd4 b6 7. Bc4 e6 8.
f3 Bc5 9. Qd3 O-O 10. Bg5 d6 11. O-O-O Bb7 12. g4 Rc8 13. Bb3 Qe7 14. h4 a5 15.
Kb1 Bb4 16. h5 Bxc3 17. bxc3 a4 18. Bxa4 d5 19. e5 Qa3 20. Bb3 Nd7 21. h6 Nxe5
22. Qd4 f6 23. hxg7 Rf7 24. Bxf6 Nd7 25. g5 Nxf6 26. gxf6 Qa5 27. Rxh7 Qxa2+
28. Bxa2 Rfc7 29. Rh8+ Kf7 30. Qh4 Rxc3 31. Qh5+ Kxf6 32. g8=Q Rxg8 33. Rxg8
33... Ke7 {Hossa resigns} 1-0

[Event "ICS rated blitz match"]
[Site "204.178.125.65"]
[Date "1999.08.31"]
[Round "?"]
[White "vitsi"]
[Black "Hossa"]
[Result "0-1"]
[WhiteElo "2290"]
[BlackElo "2521"]
[Annotator "Hiarcs 7.32 (22s)"]
[PlyCount "80"]
[EventDate "1999.??.??"]

1. e4 1... e5 {Opening = C21 - 2.d4 (ed4 3.---)} 2. d4 exd4 3. c3 dxc3 4. Bc4
cxb2 5. Bxb2 5... Qg5 $17 (5... d6 6. Qb3 (6. Nf3 Nc6 7. O-O Bg4 8. Nbd2 Qd7 9.
Rc1 Nf6 10. Qb3 Nd8 11. e5 Nh5 12. Rfe1 d5 13. Bxd5 Nf4 14. Bc4 Nfe6 15. Ne4
Be7 16. Red1 Qc8 17. Bb5+ c6 18. Ba3 Qc7 19. Bd6 Qa5 20. Be2 20... Nf4 {
Hedke,F-Kobese,W/Badenweiler op 1990/GER 04/1-0 (63)}) 6... Qd7 (6... Qe7 7.
Nc3 Nf6 8. Nge2 Nc6 9. f4 Bd7 10. Nb5 Qd8 11. Bxf7+ Ke7 12. e5 dxe5 13. Ba3+ {
1-0 Ismajlova,P-Ertel,S/WchJW-U10 Duisburg 1992/TD 92\06 (13)}) 7. Nc3 Nc6 8.
Nd5 Na5 9. Qg3 f6 10. Be2 c6 11. Nf4 Nh6 12. Nh5 Qf7 13. Nh3 Be6 14. N3f4 Bc4
15. Nxf6+ Kd8 16. Qg5 Bxe2 17. Nxe2 Be7 18. Qxa5+ {
1-0 Firnhaber,I-Grigat,K/corr 1986/MAINB (18)}) (5... Nc6 6. f4 d6 7. Nc3 Nf6
8. h3 Be6 9. Bb5 Nxe4 10. Nxe4 Qh4+ 11. g3 Qe7 12. Ne2 d5 13. N4c3 Qc5 14. Qd4
O-O-O 15. Qxc5 Bxc5 16. Bxc6 bxc6 17. Na4 Bb4+ 18. Kf2 f6 19. a3 Ba5 20. Rac1 {
Mueller,M-Engel,M/Kassel op 1994/GER 08/1/2-1/2 (54)}) (5... Qe7 $5 6. Nd2 6...
Nf6 $17) 6. Nf3 Qg6 7. O-O 7... d6 {Sichert e5} 8. e5 8... Bg4 $11 (8... Nc6 $5
$17) 9. Qb3 9... Bxf3 {Droht Matt: Qxg2} 10. Qxf3 10... Nc6 {
Schwarz hat Entwicklungsnachteil.} 11. exd6 $2 $17 (11. Re1 Nge7 12. exd6 cxd6
13. Nc3 $14) 11... Bxd6 12. Re1+ Nge7 13. Nc3 O-O 14. Re4 $2 $19 (14. Nb5 $5
$17 $142) 14... Ne5 15. Qe2 Nxc4 16. Qxc4 Qh6 17. Rh4 Qf6 18. Rb1 Rad8 (18...
c6 19. a4 $19) 19. Ne4 $2 (19. Nb5 $142 19... Qg6 20. Rf1 $19) 19... Qxh4 20.
Nf6+ 20... Qxf6 $1 {das wars} 21. Bxf6 gxf6 22. h4 (22. Rxb7 {
bietet noch letzte Rettungschancen} 22... Rb8 23. Rb3 $19) 22... b6 23. h5 Rfe8
24. Qg4+ Kf8 25. Rb3 a5 26. Rf3 (26. Rb1 {macht keinen grossen Unterschied}
26... h6 $19) 26... Nc6 {Droht Matt. Schwarz erhaelt starke Initiative} 27. g3
(27. Re3 $19 {der letzte Widerstandsversuch}) 27... Ne5 28. Qf5 Nxf3+ 29. Qxf3
Kg7 30. Qg4+ Kh6 31. Kg2 Be5 32. Qc4 Re7 33. f4 (33. Qe4 {
aendert nichts am Ausgang der Partie} 33... Red7 $19) 33... Bd4 34. g4 (34. a4
{hilft allerdings auch nicht} 34... Bc5 $19) 34... f5 35. g5+ (35. Qb5 {
aendert nichts mehr} 35... Bc5 36. Qb2 Rd4 37. g5+ 37... Kxh5 $19) 35... Kxh5
36. Qf1 (36. Qd3 {hilft auch nicht mehr} 36... Kg6 $19) 36... f6 $1 {Boing!}
37. Qh1+ (37. gxf6 {aendert den traurigen Lauf der Dinge nicht} 37... Bxf6 38.
Qf3+ Kg6 39. Qg3+ Kf7 40. Qb3+ 40... Kg7 $19) 37... Kg4 {Es droht Matt} 38.
Qh3+ Kxf4 39. gxf6 Rg8+ 40. Kf1 (40. Qg4+ {nuetzt auch nichts mehr} 40... Rxg4+
41. Kh2 Re2+ 42. Kh3 Rg3+ 43. Kh4 Rh2#) 40... Rg1# 0-1

[Event "ICS rated blitz match"]
[Site "204.178.125.65"]
[Date "1999.09.19"]
[Round "?"]
[White "vitsi"]
[Black "Hossa"]
[Result "0-1"]
[WhiteElo "2214"]
[BlackElo "2482"]
[Annotator "Hiarcs 7.32 (22s)"]
[PlyCount "32"]
[EventDate "1999.??.??"]

1. e4 1... e5 {Opening = C21 - 2.d4 (ed4 3.---)} 2. d4 exd4 3. c3 dxc3 4. Bc4
cxb2 5. Bxb2 5... Qg5 $17 (5... d6 6. Qb3 (6. Nf3 Nc6 7. O-O Bg4 8. Nbd2 Qd7 9.
Rc1 Nf6 10. Qb3 Nd8 11. e5 Nh5 12. Rfe1 d5 13. Bxd5 Nf4 14. Bc4 Nfe6 15. Ne4
Be7 16. Red1 Qc8 17. Bb5+ c6 18. Ba3 Qc7 19. Bd6 Qa5 20. Be2 20... Nf4 {
Hedke,F-Kobese,W/Badenweiler op 1990/GER 04/1-0 (63)}) 6... Qd7 (6... Qe7 7.
Nc3 Nf6 8. Nge2 Nc6 9. f4 Bd7 10. Nb5 Qd8 11. Bxf7+ Ke7 12. e5 dxe5 13. Ba3+ {
1-0 Ismajlova,P-Ertel,S/WchJW-U10 Duisburg 1992/TD 92\06 (13)}) 7. Nc3 Nc6 8.
Nd5 Na5 9. Qg3 f6 10. Be2 c6 11. Nf4 Nh6 12. Nh5 Qf7 13. Nh3 Be6 14. N3f4 Bc4
15. Nxf6+ Kd8 16. Qg5 Bxe2 17. Nxe2 Be7 18. Qxa5+ {
1-0 Firnhaber,I-Grigat,K/corr 1986/MAINB (18)}) (5... Nc6 $5 $19 6. f4 d6 7.
Nc3 Nf6 8. h3 Be6 9. Bb5 Nxe4 10. Nxe4 Qh4+ 11. g3 Qe7 12. Ne2 d5 13. N4c3 Qc5
14. Qd4 O-O-O 15. Qxc5 Bxc5 16. Bxc6 bxc6 17. Na4 Bb4+ 18. Kf2 f6 19. a3 Ba5
20. Rac1 {Mueller,M-Engel,M/Kassel op 1994/GER 08/1/2-1/2 (54)}) 6. Nf3 Qg6 7.
O-O 7... d6 {Ueberdeckt e5} 8. e5 8... Bg4 $11 (8... Nc6 $5 $17) 9. Qb3 9...
Bxf3 {Mit der Mattdrohung Qxg2} 10. Qxf3 10... Nc6 {
Schwarz muss dringend die Entwicklung vorantreiben.} 11. exd6 $2 $19 (11. Re1
O-O-O 12. Bxf7 $14) 11... Bxd6 12. Re1+ Nge7 13. Bd3 (13. Re4 13... f6 $19)
13... Qh6 14. Bc1 $4 {ein Ende mit Schrecken} (14. h3 $19 $142) 14... Qxh2+ 15.
Kf1 Qh1+ 16. Ke2 Nd4+ (16... Nd4+ 17. Kd1 Qxe1+ 18. Kxe1 Nxf3+ 19. gxf3 19...
Be5 $19) 0-1

[Event "ICS rated blitz match"]
[Site "204.178.125.65"]
[Date "1999.09.01"]
[Round "?"]
[White "zhora"]
[Black "Hossa"]
[Result "0-1"]
[WhiteElo "2085"]
[BlackElo "2469"]
[PlyCount "110"]
[EventDate "1999.??.??"]

1. e4 e5 2. Nf3 Nc6 3. Nc3 Bb4 4. a3 Bxc3 5. dxc3 d6 6. h3 Nge7 7. Bc4 O-O 8.
O-O Be6 9. Bd3 f6 10. c4 Qc8 11. Kh2 f5 12. c3 fxe4 13. Bxe4 Bxc4 14. Re1 d5
15. Bc2 e4 16. Nd2 Bd3 17. Bxd3 exd3 18. Nf3 Qf5 19. Re3 Qf7 20. Qxd3 Rae8 21.
Bd2 Nf5 22. Rxe8 Rxe8 23. Re1 Rxe1 24. Bxe1 Nce7 25. Bd2 c6 26. Qe2 Nd6 27. Ng5
Qf6 28. f3 Nc4 29. Bc1 Ne5 30. f4 Nf7 31. Nxf7 Kxf7 32. g4 a6 33. f5 g6 34.
fxg6+ hxg6 35. Kg2 b5 36. Be3 a5 37. Bd4 Qg5 38. Qf2+ Ke6 39. Qe3+ Qxe3 40.
Bxe3 Ng8 41. Bg5 c5 42. Kf3 Nf6 43. Bxf6 Kxf6 44. Kf4 g5+ 45. Kg3 d4 46. cxd4
cxd4 47. Kf3 Ke5 48. b3 a4 49. b4 Kd5 50. Ke2 Ke4 51. Kd2 d3 52. Ke1 Ke3 53.
Kd1 d2 54. Kc2 Ke2 55. Kc3 55... d1=Q {zhora resigns} 0-1

[Event "ICS rated blitz match"]
[Site "204.178.125.65"]
[Date "1999.09.11"]
[Round "?"]
[White "zkiller"]
[Black "Hossa"]
[Result "0-1"]
[WhiteElo "2084"]
[BlackElo "2445"]
[PlyCount "44"]
[EventDate "1999.??.??"]

1. d4 Nf6 2. c4 g6 3. Nc3 Bg7 4. e4 d6 5. f3 O-O 6. Be3 Nbd7 7. Bd3 e5 8. Nge2
exd4 9. Nxd4 Ne5 10. Be2 Be6 11. b3 c6 12. Qd2 d5 13. exd5 cxd5 14. cxd5 Nxd5
15. Nxd5 Qxd5 16. Rd1 Rfe8 17. O-O Rad8 18. Nc2 Qxd2 19. Rxd2 Rxd2 20. Bxd2 Bf5
21. Nd4 Nd3 22. Bxd3 22... Bxd4+ {zkiller resigns} 0-1

[Event "ICS rated bullet match"]
[Site "204.178.125.65"]
[Date "1999.09.14"]
[Round "?"]
[White "Hossa"]
[Black "JSBach"]
[Result "1-0"]
[WhiteElo "2321"]
[BlackElo "2072"]
[PlyCount "161"]
[EventDate "1999.??.??"]

1. d4 d5 2. Bg5 Nc6 3. Nf3 Bf5 4. e3 h6 5. Bf4 g5 6. Bg3 g4 7. Nh4 Bd7 8. c4
Nf6 9. cxd5 Nb4 10. Be2 Nbxd5 11. Nd2 Bg7 12. Rc1 c6 13. e4 Nb4 14. a3 Na2 15.
Ra1 Be6 16. Be5 O-O 17. O-O Rc8 18. Nf5 h5 19. Nxg7 Kxg7 20. Qc2 Qa5 21. Rad1
Kg8 22. Bxf6 exf6 23. Nc4 Qb5 24. Nd6 Qb3 25. Qxb3 Bxb3 26. Nxc8 Rxc8 27. Rd2
Re8 28. f3 a5 29. fxg4 hxg4 30. Bxg4 Rxe4 31. Bf5 Re8 32. Rdf2 Bc4 33. Ra1 Rd8
34. Rf4 a4 35. Rg4+ Kf8 36. Rh4 Rd6 37. Kf2 b6 38. Re1 Be6 39. Bc2 b5 40. Bb1
Bc4 41. Bf5 Be6 42. Bxe6 fxe6 43. Rhe4 Ke7 44. Kf3 f5 45. Rh4 b4 46. Ra1 b3 47.
Kg3 Rd8 48. Re1 Kd6 49. Rh6 Rg8+ 50. Kf3 Re8 51. Rf6 Re7 52. Kf4 Kd7 53. Ke5
Rg7 54. g3 Rh7 55. Rh1 Re7 56. Rf8 Rg7 57. Ra8 Rg6 58. Ra7+ Kd8 59. Rxa4 Kc7
60. Rc4 Rh6 61. Rc5 Rg6 62. Re1 Kd7 63. Ra5 Kc7 64. Rf1 Kb6 65. Rc5 Rh6 66. Rf3
Rxh2 67. Rxb3+ Kc7 68. Kxe6 Rd2 69. d5 Rxd5 70. Rxd5 cxd5 71. Kxd5 Kd7 72. Rb7+
Kc8 73. Rb5 Kd7 74. Rc5 Ke8 75. b3 f4 76. gxf4 Ke7 77. Ke5 Nb4 78. axb4 Kd7 79.
b5 Kd8 80. Ke6 Ke8 81. Rc8# {JSBach checkmated} 1-0

[Event "ICS rated bullet match"]
[Site "204.178.125.65"]
[Date "1999.09.20"]
[Round "?"]
[White "Hossa"]
[Black "JSBach"]
[Result "1-0"]
[WhiteElo "2339"]
[BlackElo "2014"]
[PlyCount "93"]
[EventDate "1999.??.??"]

1. e4 e5 2. Nf3 Nf6 3. d4 Nxe4 4. Bd3 d5 5. Nxe5 Be6 6. O-O Bb4 7. f3 Nf6 8. c3
Be7 9. Re1 O-O 10. Bg5 h6 11. Bh4 Re8 12. Nd2 Nbd7 13. f4 Nxe5 14. fxe5 Ng4 15.
Bxe7 Qxe7 16. h3 Qh4 17. Qf3 Rad8 18. hxg4 Bxg4 19. Qf2 Qg5 20. Nf3 Qf4 21. Nh2
Qg5 22. Qg3 h5 23. Be2 Qd2 24. Bxg4 hxg4 25. Nxg4 Re7 26. Nf6+ Kf8 27. Qh4 Re6
28. Ne4 dxe4 29. Qxd8+ Re8 30. Qxc7 Qxb2 31. Reb1 Qe2 32. Rxb7 Qe3+ 33. Kf1
Qd3+ 34. Ke1 Qe3+ 35. Kd1 Qd3+ 36. Kc1 Qf1+ 37. Kc2 Qxg2+ 38. Kb3 Qf3 39. e6
Qf5 40. Qd6+ Kg8 41. exf7+ Qxf7+ 42. Rxf7 Kxf7 43. Rf1+ Kg8 44. Qd5+ Kh7 45.
Qh5+ Kg8 46. Qxe8+ Kh7 47. Rh1# {JSBach checkmated} 1-0

[Event "ICS rated bullet match"]
[Site "204.178.125.65"]
[Date "1999.10.13"]
[Round "?"]
[White "Hossa"]
[Black "JSBach"]
[Result "1-0"]
[WhiteElo "2419"]
[BlackElo "2088"]
[PlyCount "45"]
[EventDate "1999.??.??"]

1. e4 e5 2. Nc3 Nf6 3. Nf3 Bd6 4. Bc4 O-O 5. d3 Nc6 6. O-O Bc5 7. Nd5 Ng4 8.
Bg5 Nxf2 9. Rxf2 Bxf2+ 10. Kxf2 f6 11. Nxf6+ Kh8 12. Nxh7 Qe8 13. Nxf8 Qxf8 14.
Kg1 b5 15. Bd5 Qc5+ 16. Kh1 d6 17. Nxe5 Bg4 18. Qxg4 Qxd5 19. Ng6+ Kh7 20. Qh5+
Kg8 21. Rf1 Qf5 22. Rxf5 Nd4 23. Ne7# {JSBach checkmated} 1-0

[Event "ICS rated bullet match"]
[Site "204.178.125.65"]
[Date "1999.10.18"]
[Round "?"]
[White "Hossa"]
[Black "JSBach"]
[Result "1-0"]
[WhiteElo "2423"]
[BlackElo "2053"]
[PlyCount "61"]
[EventDate "1999.??.??"]

1. e4 e5 2. Nf3 Nf6 3. d3 Bd6 4. Nc3 O-O 5. Be2 h5 6. Bg5 Nc6 7. Nh4 g6 8. Nd5
Be7 9. Nxe7+ Qxe7 10. c3 a5 11. Bh6 Rd8 12. O-O d5 13. exd5 Nxd5 14. g3 Bh3 15.
Re1 Qc5 16. Qd2 a4 17. a3 Re8 18. Qg5 Qe7 19. f4 Qc5+ 20. Kh1 exf4 21. d4 Qd6
22. gxf4 Ra5 23. Bc4 Nde7 24. d5 Be6 25. dxe6 fxe6 26. Qf6 Nf5 27. Qxg6+ Kh8
28. Qxe8+ Qf8 29. Qxf8+ Kh7 30. Qf7+ Kxh6 31. Rxe6# {JSBach checkmated} 1-0

[Event "ICS rated bullet match"]
[Site "204.178.125.65"]
[Date "1999.10.14"]
[Round "?"]
[White "Hossa"]
[Black "JSBach"]
[Result "1-0"]
[WhiteElo "2426"]
[BlackElo "2072"]
[PlyCount "105"]
[EventDate "1999.??.??"]

1. Nf3 d5 2. e3 Bd7 3. d4 e6 4. Bd3 Bd6 5. e4 dxe4 6. Bxe4 Nc6 7. O-O Nf6 8.
Bd3 O-O 9. Re1 Nb4 10. Bc4 Ba4 11. Na3 Bc6 12. Ne5 Be4 13. Bg5 Bd5 14. Bxd5
Nbxd5 15. c4 Bxa3 16. bxa3 Nb6 17. Rc1 Qe7 18. Qf3 c6 19. Qg3 Rad8 20. Ng4 Nbd7
21. Nh6+ Kh8 22. Nf5 Nh5 23. Qe3 Qe8 24. Nd6 Nhf6 25. Nxe8 Rfxe8 26. Qb3 b6 27.
Qa4 h6 28. Bxf6 Nxf6 29. Qxa7 Nd7 30. Qc7 c5 31. dxc5 Nxc5 32. Rb1 Na4 33. Rb4
Ra8 34. Qxf7 Nc3 35. Rxb6 Nxa2 36. Rexe6 Rxe6 37. Rxe6 Nc3 38. Re8+ Rxe8 39.
Qxe8+ Kh7 40. Qe1 Na2 41. Qb1+ Kg8 42. Qxa2 Kf8 43. f4 g6 44. Kf2 Ke7 45. Kf3
Kd6 46. Ke4 Kc6 47. Ke5 g5 48. Qd2 gxf4 49. Qd6+ Kb7 50. c5 h5 51. Qb6+ Kc8 52.
Kd6 h4 53. Qc7# {JSBach checkmated} 1-0

[Event "ICS rated bullet match"]
[Site "204.178.125.65"]
[Date "1999.10.08"]
[Round "?"]
[White "JSBach"]
[Black "Hossa"]
[Result "0-1"]
[WhiteElo "2120"]
[BlackElo "2404"]
[PlyCount "122"]
[EventDate "1999.??.??"]

1. e4 e5 2. Nf3 Nf6 3. Nxe5 d6 4. Nf3 Nxe4 5. d3 Nf6 6. Nc3 Be7 7. d4 O-O 8.
Bd3 Nc6 9. O-O Nb4 10. Bg5 Nxd3 11. Qxd3 Bg4 12. h3 Bd7 13. Bf4 Re8 14. Rad1
Qc8 15. Rfe1 Bf5 16. Qe2 Qd7 17. Rc1 c6 18. Nh4 Rac8 19. Nxf5 Qxf5 20. Qe3 Bf8
21. Qd2 d5 22. g4 Qg6 23. Be5 Nd7 24. Bf4 Bb4 25. a3 Bxc3 26. Qxc3 Qf6 27. Qd2
Qh4 28. Qd3 Nb6 29. Be5 Nc4 30. Qb3 Re7 31. Bf4 Rce8 32. Qb4 Re2 33. Rxe2 Rxe2
34. Rf1 Qxh3 35. g5 Qg4+ 36. Bg3 b6 37. Re1 h5 38. gxh6 gxh6 39. Rxe2 Qxe2 40.
b3 a5 41. Qc3 Nxa3 42. Qxc6 Nxc2 43. Qa8+ Kh7 44. Qxd5 Qe1+ 45. Kh2 Qe6 46.
Qxe6 fxe6 47. Be5 Nb4 48. Bc7 Nd5 49. Be5 Kg6 50. Kg3 b5 51. f4 Kf5 52. Bg7
Nxf4 53. Be5 Ne2+ 54. Kh4 b4 55. Bc7 a4 56. bxa4 b3 57. Kh5 b2 58. Be5 b1=Q 59.
Kxh6 Qb7 60. a5 Qf7 61. Bg7 61... Qg6# {JSBach checkmated} 0-1

[Event "ICS rated bullet match"]
[Site "204.178.125.65"]
[Date "1999.10.05"]
[Round "?"]
[White "JSBach"]
[Black "Hossa"]
[Result "0-1"]
[WhiteElo "2194"]
[BlackElo "2382"]
[PlyCount "44"]
[EventDate "1999.??.??"]

1. e4 c5 2. Nc3 e6 3. Bc4 Ne7 4. Qh5 Nec6 5. Nb5 d5 6. exd5 Nb4 7. Bb3 exd5 8.
Qe5+ Kd7 9. Nxa7 Rxa7 10. Qxb8 Ra6 11. Nf3 Bd6 12. Ne5+ Ke7 13. Nxf7 Kxf7 14.
Qxd6 Qxd6 15. d3 Qe5+ 16. Kf1 Re8 17. Be3 Nxc2 18. Bxc2 Qxb2 19. Rc1 Rxe3 20.
Bd1 Qxc1 21. f3 Rxa2 22. d4 22... Qxd1# {JSBach checkmated} 0-1

[Event "ICS rated bullet match"]
[Site "204.178.125.65"]
[Date "1999.10.06"]
[Round "?"]
[White "JSBach"]
[Black "Hossa"]
[Result "0-1"]
[WhiteElo "2154"]
[BlackElo "2398"]
[PlyCount "82"]
[EventDate "1999.??.??"]

1. d4 Nf6 2. Bf4 c5 3. Nc3 cxd4 4. Qxd4 Nc6 5. Qe3 d5 6. O-O-O d4 7. Qg3 Nh5 8.
Qg5 Nxf4 9. Qxf4 e5 10. Qe4 f5 11. Qd3 dxc3 12. Qxc3 Bd7 13. Nf3 Qe7 14. Rd5
Nb4 15. Ra5 b6 16. Ra3 Nc6 17. Qd2 e4 18. Nd4 Qf6 19. Ra4 Na5 20. Rxa5 bxa5 21.
Nb3 a4 22. Nd4 a3 23. b3 a5 24. e3 Bb4 25. c3 Bc5 26. Kd1 O-O 27. Ke1 Kh8 28.
Be2 Rab8 29. Kf1 Rfd8 30. Bc4 Rb6 31. Qe2 f4 32. Qh5 fxe3 33. Qe2 exf2 34. Qxe4
Re8 35. Be6 Rbxe6 36. Nxe6 Rxe6 37. Qa8+ Be8 38. g4 Re1+ 39. Kg2 Rg1+ 40. Rxg1
fxg1=Q+ 41. Kh3 41... Qh6# {JSBach checkmated} 0-1

[Event "ICS rated bullet match"]
[Site "204.178.125.65"]
[Date "1999.10.12"]
[Round "?"]
[White "JSBach"]
[Black "Hossa"]
[Result "0-1"]
[WhiteElo "2113"]
[BlackElo "2409"]
[PlyCount "104"]
[EventDate "1999.??.??"]

1. e4 c5 2. Nc3 Nc6 3. Qh5 e6 4. Bc4 Nf6 5. Qg5 Nd4 6. Bd3 d5 7. exd5 c4 8.
Nge2 cxd3 9. Nxd4 dxc2 10. Nxc2 Nxd5 11. Qxd8+ Kxd8 12. O-O Nxc3 13. dxc3 Bd6
14. Rd1 Kc7 15. Bg5 f6 16. Be3 Rd8 17. Rac1 e5 18. f3 Be6 19. b3 a5 20. Ra1 f5
21. Ne1 a4 22. bxa4 Rxa4 23. Rab1 Rd7 24. Rb2 Rxa2 25. Rb6 Re2 26. Bf2 Rxf2 27.
Rbxd6 Rxd6 28. Rxd6 Rxg2+ 29. Kxg2 Kxd6 30. Nc2 g5 31. Na3 e4 32. fxe4 fxe4 33.
Nc2 Ke5 34. Ne3 h5 35. Kf1 b5 36. Kf2 h4 37. Ke2 h3 38. Kd2 Bb3 39. Ke1 Bf7 40.
Kd2 Kf4 41. Nc2 Bc4 42. Ne3 Kf3 43. Nxc4 bxc4 44. Kc2 e3 45. Kd1 g4 46. Kc2 e2
47. Kd2 g3 48. hxg3 h2 49. g4 h1=Q 50. Kc2 Qd1+ 51. Kb2 Qb3+ 52. Kc1 52...
e1=Q# {JSBach checkmated} 0-1